00654cam a22002051 4500001001300000003000400013005001700017008004100034010001700075035002000092040001800112042001200130050002000142100008300162245007600245260003000321300005500351600002500406999001700431g 01000987 DLC20260227111253.0820607s1899 gw b 000 0 ger  ag 01000987  a(OCoLC)29094935 aDLCcMnUdDLC apremarc00aCS629b.S8 18991 aRadziwiłł, Karol Ferdynand Bogusław Maria Józef Franciszek,cksiż̨ę.00aEntwicklung des fürstlich Stolbergischen grundbesitzes seit dem XIII. aJena,bG. Fischer,c1899. aviii, 172 p.bmaps (part col., part fold.)c24 cm.30aStolberg,cHouse of. c23615d23615